| 000 | 01094cam a2200253 4500 | ||
|---|---|---|---|
| 001 | WB3946-09 | ||
| 008 | 031203n2003 000 0 eng u | ||
| 035 | _a(Sirsi) u124556 | ||
| 245 | _aSurplus of homes to rent in southeast | ||
| 260 | _c2003 | ||
| 490 |
_aRICS Press Release _v(pr14) 1 December 2003 (3) |
||
| 520 | _aThe residential lettings market remains strong, with both tenant demand and buy-to-let investment continuing to rise, reports the RICS in its latest "Residential lettings survey for England, Wales and Scotland". Activity remained strongest in the Midlands, the north and southwest of England with London and the southeast showing a more limited rise. http://www.rics.org/ricscms/bin/show?class=PressRelease&template=/includes/showpr.html&id=1079&faculty=RICS. | ||
| 590 | _aWB | ||
| 650 | _aRICS MARKET SURVEYS | ||
| 650 | _aRESIDENTIAL LETTINGS MARKET | ||
| 650 | _aRENTAL LEVELS | ||
| 650 | _aTENANT DEMAND | ||
| 650 | _aYIELDS | ||
| 650 | _aBUY-TO-LET | ||
| 650 | _aFLATS | ||
| 650 | _aHOUSES | ||
| 690 | _aHOUSING-PRIVATE RENTED SECTOR | ||
| 942 | _n0 | ||
| 999 |
_c73919 _d73919 |
||